[Event "Crema op 16th"]
[Site "Crema"]
[Date "2015.09.04"]
[Round "1"]
[White "Pricop, Alexandru"]
[Black "Righini, Giovanni"]
[Result "0-1"]
[WhiteElo "1479"]
[BlackElo "1891"]
[PlyCount "78"]
[EventDate "2015.09.04"]
[EventType "swiss"]
[EventRounds "6"]
[EventCountry "ITA"]
[SourceTitle "EXT 2024"]
[Source "ChessBase"]
[SourceDate "2023.10.10"]
[SourceVersion "1"]
[SourceVersionDate "2023.10.10"]
[SourceQuality "1"]

1. d4 Nf6 2. c4 g6 3. Nc3 d5 4. Bg5 Ne4 5. Nf3 Nxg5 6. Nxg5 dxc4 7. e3 Bg7 8. Bxc4 e6 9. Nf3 0-0 10. 0-0 c5 11. dxc5 Qa5 12. Qb3 Qxc5 13. Rfd1 Nc6 14. Na4 Qb4 15. Rab1 Qxb3 16. Bxb3 b6 17. Rd6 Bb7 18. Rd7 Na5 19. Rbd1 Bc6 20. R7d2 Nxb3 21. axb3 Bd5 22. Rd3 Rac8 23. Nc3 Bxb3 24. R1d2 a5 25. Ne4 Rc1+ 26. Rd1 Rxd1+ 27. Rxd1 Bxd1 28. Nc3 Bxf3 29. gxf3 Bxc3 30. bxc3 a4 31. Kf1 a3 32. Ke2 a2 33. Kd3 a1Q 34. f4 Qd1+ 35. Kc4 Rc8+ 36. Kb5 Qb3+ 37. Ka6 Ra8+ 38. Kb7 Qd5+ 39. Kc7 Ra7+ 0-1